Tilastot visalle Suomen kunnat, joissa Ruotsi on toisena virallisena kielenä

Klikkaa tästä pelataksesi tätä visaa!

Yleistilastot

  • Tätä visaa on pelattu 199 kertaa
  • Keskiarvotulos 35 / 49

Vastaustilastot

määräkunta% Oikein
22,8%Vaasa
96%
5,7%Helsinki
95%
5,5%Turku
94%
7,2%Espoo
92%
2,5%Vantaa
90%
29,4%Porvoo
87%
42,8%Hanko
85%
84,2%Maarianhamina
85%
56,2%Pietarsaari
81%
64,7%Raasepori
79%
12,6%Kokkola
78%
52,9%Inkoo
75%
16,6%Kirkkonummi
75%
89,%Eckerö
74%
80,4%Närpiö
74%
32,6%Sipoo
74%
40,8%Loviisa
73%
54,6%Kristiinankaupunki
71%
28,5%Siuntio
71%
86,7%Uusikaarlepyy
71%
86,9%Geta
69%
29,9%Kaskinen
69%
55,4%Parainen
69%
72,6%Brändö
68%
89,7%Hammarland
68%
33,8%Kauniainen
68%
3,5%Lohja
68%
93,5%Sottunga
68%
88,9%Sund
67%
87,7%Kökar
66%
85,7%Korsnäs
66%
68,9%Mustasaari
66%
89,3%Pedersöre
66%
89,8%Finström
65%
91,8%Luoto
65%
84,2%Föglö
64%
86,6%Lumparland
64%
91,9%Saltvik
64%
88,1%Vårdö
64%
89,1%Jomala
63%
68,5%Kemiönsaari
63%
85,4%Kumlinge
63%
92,1%Lemland
63%
78,4%Kruunupyy
61%
81,1%Vöyri
60%
85,5%Maalahti
57%
7,6%Pyhtää
55%
31,2%Lapinjärvi
52%
9,2%Myrskylä
43%

Tulosjakauma

Persentiili vastausten määrän mukaan

Jokaisen tuloksen saaneiden osuus

Tuloshistoriasi

Et ole pelannut tätä visaa